Tout les vainqueurs du championnat de France - Statistiques

Statistiques générales
  • Ce quiz a été pris 149 fois
  • Le résultat moyen est 14 sur 19
Statistiques - réponses
Equipe % Correct
Paris Saint-Germain
100%
Olympique de Marseille
98%
Olympique Lyonnais
96%
LOSC Lille
95%
FC Nantes
93%
AS Saint-Etienne
91%
AS Monaco
89%
Girondins de Bordeaux
89%
Montpellier HSC
86%
OGC Nice
85%
RC Lens
79%
RC Strasbourg Alsace
79%
Stade de Reims
79%
AJ Auxerre
73%
FCSM Sochaux
57%
FC Sète
34%
CO Roubaix-Tourcoing
29%
Olympique Lillois
9%
RC France
3%
Aucun quiz correspondant
Distribution des résultats
% des personnes avec chaque résultat
Percentile par nombre de réponses
Votre historique - résultats
Vous n’avez pas pris ce quiz